000 01438nam a2200349 i 4500
003 OSt
005 20260120174418.0
008 260106t20222022my ao gr f000 0 may d
020 _a9789670372440
_qpaperback
_cRM34.00
040 _aPPAK
_beng
_cPPAK
_erda
082 0 4 _a391.009595
_223
090 0 0 _a391.009595
_bBAJ
_dR
245 1 0 _aBaju Kurung :
_bBUSANA SEPANJANG ZAMAN : Koleksi Terpilih Jabatan Muzium Malaysia /
_cEditorial Jawatankuasa Editorial Penerbitan, Jabatan Muzium Malaysia ; Editorial Bahasa Abd. Karim bin A Bakar
264 1 _aKuala Lumpur, Malaysia :
_bJabatan Muzium Malaysia,
_c2022
264 4 _c©2022
300 _a100 pages :
_billustrations, colour photographs ;
_c23 cm
336 _atext
_2rdacontent
336 _astill image
_2rdacontent
337 _aunmediated
_2rdamedia
338 _avolume
_2rdacarrier
504 _aBibliography: page 99.
520 _aCollected information about Baju Kurung in Malaysia.
583 _aRetained
_f“This book must not be disposed of.”
650 1 0 _aEthnic costume
_zMalaysia
650 2 0 _aMalays (Asian people)
_xCostume
_zMalaysia
650 2 0 _aClothing and dress
_zMalaysia
650 2 0 _aGovernment publications
_zMalaysia
651 0 _aMalaysia
_xSocial life and customs
700 0 _aAbd. Karim A. Bakar,
_eeditor.
710 1 _aMalaysia.
_bJabatan Muzium.
_bJawatankuasa Editorial Penerbitan,
_eeditor.
942 _2ddc
_cB
999 _c202591
_d202591